Selected poems of Nirala / (Record no. 18020)

MARC details
000 -LEADER
fixed length control field 006560000a22001810004500
008 - FIXED-LENGTH DATA ELEMENTS--GENERAL INFORMATION
fixed length control field 081031t xxu||||| |||| 00| 0 eng d
010 ## - LIBRARY OF CONGRESS CONTROL NUMBER
LC control number ENG-84717
020 ## - INTERNATIONAL STANDARD BOOK NUMBER
International Standard Book Number 8126017988
Terms of availability 75.00 (pbk)
035 ## - SYSTEM CONTROL NUMBER
System control number EN-68250
082 ## - DEWEY DECIMAL CLASSIFICATION NUMBER
Classification number 881
100 ## - MAIN ENTRY--PERSONAL NAME
Personal name Tripathi, Suryakant Nirala
245 ## - TITLE STATEMENT
Title Selected poems of Nirala /
Statement of responsibility, etc by Suryakant Tripathi Nirala; translated from Hindi by M M Thakur
260 ## - PUBLICATION, DISTRIBUTION, ETC. (IMPRINT)
Place of publication, distribution, etc New Delhi
Name of publisher, distributor, etc Sahitya Akademi
Date of publication, distribution, etc 2006
300 ## - PHYSICAL DESCRIPTION
Extent x,177p
Dimensions 22cm
700 ## - ADDED ENTRY--PERSONAL NAME
Personal name Thakur, M M
942 ## - ADDED ENTRY ELEMENTS (KOHA)
Source of classification or shelving scheme Dewey Decimal Classification
Koha item type English Books
Classification part 881
Call number suffix SEL
Holdings
Withdrawn status Lost status Source of classification or shelving scheme Damaged status Not for loan Home library Current library Date acquired Cost, normal purchase price Total Checkouts Full call number Barcode Date last seen Copy number Cost, replacement price Price effective from Koha item type
    Dewey Decimal Classification   Not For Loan D.B.Act.Division D.B.Act.Division 31/10/2008 75.00   881 SEL EN-68250 04/11/2008 1 75.00 04/11/2008 English Books

© Delhi Public Library
Hit Counter
free hit counter